| Tag |
First Indicator |
Second Indicator |
Subfields |
| LEADER |
00000cam a2200000Ii 4500 |
| 001 |
in00004029310 |
| 005 |
20190124135928.0 |
| 008 |
190102s2018 gauah 000 j eng d |
| 035 |
|
|
|a (OCoLC)on1080546451
|
| 040 |
|
|
|a YDX
|b eng
|e rda
|c YDX
|d TXA
|
| 020 |
|
|
|a 1629333913
|
| 020 |
|
|
|a 9781629333915
|
| 035 |
|
|
|a (OCoLC)1080546451
|
| 041 |
1 |
|
|a eng
|h fre
|
| 050 |
|
4 |
|a PQ2469
|b .A2 2018
|
| 049 |
|
|
|a TXAM
|
| 100 |
1 |
|
|a Verne, Jules,
|d 1828-1905,
|e author.
|
| 240 |
1 |
0 |
|a Short stories.
|k Selections
|
| 245 |
1 |
0 |
|a Worlds known and unknown /
|c by Jules Verne and Michel Verne ; translated by Kieran O'Driscoll, Edward Baxter, Alex Kirstukas, Ian Thompson ; edited by Brian Taves for the North American Jules Verne Society.
|
| 264 |
|
1 |
|a Albany, GA :
|b BearManor Fiction,
|c 2018.
|
| 300 |
|
|
|a xxi, 298 pages :
|b illustrations, facsimiles ;
|c 24 cm
|
| 336 |
|
|
|a text
|b txt
|2 rdacontent
|
| 337 |
|
|
|a unmediated
|b n
|2 rdamedia
|
| 338 |
|
|
|a volume
|b nc
|2 rdacarrier
|
| 490 |
1 |
|
|a Palik series ;
|v [12]
|
| 500 |
|
|
|a Includes two autobiographical works.
|
| 600 |
1 |
0 |
|a Verne, Jules,
|d 1828-1905
|v Translations into English.
|
| 655 |
|
7 |
|a Short stories.
|2 lcgft
|
| 655 |
|
7 |
|a Science fiction.
|2 lcgft
|
| 700 |
1 |
|
|a Verne, Michel,
|d 1861-1925,
|e author.
|
| 700 |
1 |
|
|a O'Driscoll, Kieran,
|d 1963-
|e translator.
|
| 700 |
1 |
|
|a Baxter, Edward,
|e translator.
|
| 700 |
1 |
|
|a Kirstukas, Alex,
|e translator.
|
| 700 |
1 |
|
|a Thompson, Ian Bentley,
|e translator.
|
| 700 |
1 |
|
|a Taves, Brian,
|d 1959-
|e editor.
|
| 710 |
2 |
|
|a North American Jules Verne Society.
|
| 800 |
1 |
|
|a Verne, Jules,
|d 1828-1905.
|t Palik series ;
|v 12.
|
| 994 |
|
|
|a C0
|b TXA
|
| 948 |
|
|
|a cataloged
|b h
|c 2019/1/24
|d c
|e nbehmer
|f 1:54:28 pm
|
| 999 |
f |
f |
|s 7bd31ec8-fad8-340f-9d5e-a179dba301d8
|i d028c18c-ee24-3485-a990-1dbdcbc79b2b
|t 0
|
| 952 |
f |
f |
|p normal
|a Texas A&M University
|b College Station
|c Sterling C. Evans Library
|d Evans: Library Stacks
|t 0
|e PQ2469 .A2 2018
|h Library of Congress classification
|i unmediated -- volume
|m A14850887721
|
| 998 |
f |
f |
|a PQ2469 .A2 2018
|t 0
|l Evans: Library Stacks
|